| 000 | 00950nam a2200289 i 4500 | ||
|---|---|---|---|
| 003 | EG-GICUC | ||
| 005 | 20260418084615.0 | ||
| 008 | 260418s1956 fr ||||fr|||| 00| 0 fre d | ||
| 040 |
_aEG-GiCUC _bfre _cEG-GiCUC _dEG-GiCUC _eRda |
||
| 041 | _afre | ||
| 082 | 0 | 4 |
_221 _a343.3 _bRA . P |
| 092 | 0 | 4 | _221 |
| 099 | _aLaw1 1 343.3 RA . P 1956 | ||
| 100 | 1 |
_a Besson, rapport de M.A. _eAuteur |
|
| 245 | 1 | 0 |
_aLe projet de réforme de la procédure pénale : _bProjet de Code de procédure pénale / _crapport de M.A. Besson. |
| 264 | 1 |
_aParis : _bLibrairie Dalloz, _c1956. |
|
| 300 |
_a75 pages ; _c24 cm. |
||
| 336 |
_2rda contenu _a texte |
||
| 337 |
_2rda medias _aOrdinateur |
||
| 338 |
_2 transporteur rda _a Ressource en ligne |
||
| 546 | _aTexte en français | ||
| 650 | 1 | _aDroit pénal | |
| 650 | 1 | _aDroit de procédure pénale | |
| 856 | 4 | 0 | _uhttps://fll.law.cu.edu.eg/fulltext/bks/B10-09128.pdf |
| 905 | _a43 | ||
| 942 |
_2ddc _n0 _cBK _e21 |
||
| 999 |
_c71585 _d71585 |
||